000 00658nam a2200229Ia 4500
003 OSt
005 20220925190518.0
006 a|||||r|||| 00| 0
007 ta
008 220923b |||||||| |||| 00| 0 eng d
037 _cGeneral Book
040 _aRTL
_cRTL
_beng
041 _2eng
_aeng
082 _aX:741(B), L6
100 _aFrisch H
_9238781
245 0 _aProceedings of An international Conference Held At
260 _aBerlin
_bSpringer-Valag
_c1976
300 _a356p
_ccm.
490 _vVol.11,Lecture Notes in Eco.& Mathematical Systems
942 _hX:741(B), L6
_cGB
_2CC
999 _c514903
_d514903